000 00742nam a2200193 i 4500
005 20251019125121.0
008 251019s2025 my o gr 000 0 may d
040 _aPPAK
_beng
_cPPAK
_erda
100 0 _aHafizul Adnen,
_eauthor.
245 1 0 _aARTIKEL PILIHAN 2025 :
_bMENYINGKAP RAHSIA BUKIT CHORAS /
_cHAFIZUL ADNEN
264 0 _aAlor Setar, Kedah :
_bUnit Koleksi Kedah, Perbadanan Perpustakaan Awam Kedah,
_c2025
300 _a5 pages :
_bphotographs ;
_c30 cm
336 _atext
_2rdacontent
337 _aunmediated
_2rdamedia
337 _astill image
_2rdamedia
338 _avolume
_2rdacarrier
500 _aSelected articles from column Keliling Kita : Dewan Budaya Bil.07/2025. Located at Unit Koleksi Kedah.
942 _2ddc
_cB
999 _c201275
_d201275